| 000 | 01155nmc a2200361 a 4500 | ||
|---|---|---|---|
| 003 | AR-BaBNM | ||
| 005 | 20251128204130.0 | ||
| 008 | 305119s1984 ||||||||||||||000 | spa|| | ||
| 020 | _a950-25-0150-9 | ||
| 040 | _cAR-BaBNM | ||
| 245 | 1 | 0 | _aFrondizi y su tiempo |
| 260 |
_aBuenos Aires _bCentro Editor de América Latina _c1984 |
||
| 300 | 0 | _a92 p. | |
| 490 | 0 |
_aHistoria testimonial Argentina: Documentos vivos de nuestro pasado _vv. 30 |
|
| 504 | _aBibliografía en p.21 | ||
| 600 | 1 | 4 | _aFrigerio, Rogelio |
| 600 | 1 | 4 | _aFrondizi, Arturo |
| 610 | 2 | 4 | _aUnión Cívica Radical Intransigente [Argentina] |
| 610 | 2 | 4 | _aMovimiento de Integración y Desarrollo [Argentina] |
| 650 | 4 | _aHISTORIA POLITICA ARGENTINA | |
| 650 | 4 | _aPRESIDENCIAS ARGENTINAS | |
| 650 | 4 | _aHISTORIA ECONOMICA | |
| 650 | 4 | _aPARTIDOS POLITICOS ARGENTINOS | |
| 650 | 4 | _aMATERIAL FUENTE | |
| 650 | 4 | _aPOLITICA ARGENTINA | |
| 650 | 4 | _aPARTIDOS POLITICOS ARGENTINOS | |
| 651 | 4 | _aArgentina | |
| 700 | 1 |
_aBelenky, Silvia Leonor _ecompilador |
|
| 800 | 1 |
_aBertoni, Lilia Ana _edirector |
|
| 800 | 1 |
_aRomero, Luis Alberto _edirector |
|
| 942 | _cBK | ||
| 998 | _cMarce | ||
| 999 |
_c6302 _d6302 |
||